| 000 | 00480nam a2200193 a 4500 | ||
|---|---|---|---|
| 001 | 1757999702873 | ||
| 003 | ACL | ||
| 005 | 20250916105538.0 | ||
| 008 | 250916s2001##################000#0#eng## | ||
| 020 | _a9780747556909 | ||
| 082 | 0 | 4 |
_a791.43658 _bBIS |
| 100 | 1 |
_aBiskind, Peter, _eauthor. |
|
| 245 | 1 | 0 | _aSeeing is Believing : |
| 260 |
_bBloomsbury Paperbacks, _c2001. |
||
| 300 | _a382 pages | ||
| 650 | 0 | _aMotion pictures. | |
| 942 | _cENGLISH | ||
| 040 |
_aACL _beng _cACL |
||
| 999 |
_c587291 _d587291 |
||